Statistics for Guess the Pixar Villains Quiz

Click here to take the quiz!

General Stats

  • This quiz has been taken 34 times
  • The average score is 6 of 14

Answer Stats

MovieVillain% Correct
A Bugs LifeHopper
82%
IncrediblesSyndrome
77%
Monsters Inc.Randal
68%
Toy Story 3Lotso
55%
LightyearZurg
55%
CocoErnesto De La Cruz
50%
BraveMor'Du
45%
Toy Story 2Stinky Pete
36%
RatatouilleChef Skinner
32%
Toy StorySid Phillips
32%
The Good DinosaurThunderclap
32%
UpCharles Muntz
23%
A Bugs LifeThumper
14%
WALL·EAutopilot
9%

Score Distribution

Percentile by Number Answered

Percent of People with Each Score

Your Score History

You have not taken this quiz